| 000 | 00843nmc a2200289 a 4500 | ||
|---|---|---|---|
| 003 | AR-BaBNM | ||
| 005 | 20251128211640.0 | ||
| 008 | 185020s2004 ||||||||||||||000 | spa|| | ||
| 020 | _a84-7827-320-4 | ||
| 040 | _cAR-BaBNM | ||
| 100 | 1 | _aGather Thurler, Monica | |
| 245 | 1 | 0 | _aInnovar en el seno de la institución escolar |
| 250 | _a1ª ed. | ||
| 260 |
_aBarcelona _bGraó _c2004 |
||
| 300 | 0 | _a208 p. | |
| 490 | 0 |
_aColección Graó. Acción Directiva _v194 |
|
| 504 | _aIncluye referencias bibliográficas al final del volumen | ||
| 650 | 4 | _aORGANIZACION ESCOLAR | |
| 650 | 4 | _aPARTICIPACION DEL DOCENTE | |
| 650 | 4 | _aLIDERAZGO | |
| 653 | _aINNOVACIONES EDUCATIVAS | ||
| 653 | _aPROYECTO EDUCATIVO INSTITUCIONAL | ||
| 653 | _aAPRENDIZAJE ORGANIZACIONAL | ||
| 653 | _aCAMBIO EDUCATIVO | ||
| 942 | _cBK | ||
| 998 | _ceugenia | ||
| 999 |
_c20585 _d20585 |
||